GESTATT THERAPY - EXCITEMENT AND GROWTH IN THE HUMAN PERSONALITY (Record no. 376330)

MARC details
000 -LEADER
fixed length control field 00546nam a2200169Ia 4500
008 - FIXED-LENGTH DATA ELEMENTS--GENERAL INFORMATION
fixed length control field 100122s9999 xx 000 0 und d
082 ## - DEWEY DECIMAL CLASSIFICATION NUMBER
Item number 54815
Classification number 150
100 ## - MAIN ENTRY--PERSONAL NAME
Personal name PERIS FREDERICK
245 ## - TITLE STATEMENT
Title GESTATT THERAPY - EXCITEMENT AND GROWTH IN THE HUMAN PERSONALITY
260 ## - PUBLICATION, DISTRIBUTION, ETC. (IMPRINT)
Name of publisher, distributor, etc SOUVENIR PRESS
Date of publication, distribution, etc 1996
300 ## - PHYSICAL DESCRIPTION
Extent 466
520 ## - SUMMARY, ETC.
Summary, etc PERSONALITY
620 ## -
-- PERSONALITY
630 ## - SUBJECT ADDED ENTRY--UNIFORM TITLE
Uniform title GESTATT THERAPY - EXCITEMENT AND GROWTH IN THE HUMAN PERSONALITY
730 ## - ADDED ENTRY--UNIFORM TITLE
Uniform title GESTATT THERAPY - EXCITEMENT AND GROWTH IN THE HUMAN PERSONALITY
942 ## - ADDED ENTRY ELEMENTS (KOHA)
Koha item type Book
Holdings
Withdrawn status Lost status Damaged status Not for loan Home library Current library Date acquired Cost, normal purchase price Total Checkouts Full call number Barcode Date last seen Cost, replacement price Price effective from Koha item type Public note
        S.V. Pathak Library, Vile Parle S.V. Pathak Library, Vile Parle 07/16/1998 245.00   54815 SVPPARLE-54815 01/25/2010 245.00 01/25/2010 Book ", , General, NA"